| 000 | 00975nmm a2200289 a 4500 | ||
|---|---|---|---|
| 001 | ocm0002146405 | ||
| 003 | TR-IsHL | ||
| 005 | 20201028182608.0 | ||
| 008 | 190205s2015 tu tur | ||
| 007 | cr cn | ||
| 020 | _a9786055122553 | ||
| 035 |
_a2146405 _b(N$T) |
||
| 050 | 0 | 4 |
_aPL248.S464 _bK37 2015 |
| 090 | 0 | 4 |
_aPL248.S464 _bK37 2015 |
| 100 | 1 | _aSener, Nazlı Aspay | |
| 245 | 1 | 0 |
_aKaranlıklar ülkesi Kinya _h[electronic resource] / _cNazlı Aspay Sener ; çizer Hüseyin Şekerciler ; editör F. Zehra Bayrak |
| 260 |
_aİstanbul : _bHayat Yayınları, _c2015 |
||
| 300 | _a190 p. | ||
| 650 | 4 | _aDil ve Edebiyat | |
| 650 | 4 | _aLanguage and Literature | |
| 650 | 0 | _aTürk romanı | |
| 650 | 0 | _aTurkish fiction | |
| 650 | 7 |
_aLITERARY COLLECTIONS / Middle Eastern _2bisacsh |
|
| 700 | 1 | _aŞekerciler, Hüseyin | |
| 700 | 1 | _aBayrak, F. Zehra | |
| 856 | 4 | 0 | _uhttp://search.ebscohost.com/login.aspx?direct=true&scope=site&db=e011xww&AN=2146405 |
| 999 |
_c20143 _d20143 |
||